Avenger Member Blitz Quiz Stats

 Plays Quiz not verified by Sporcle

Score 0/6 Timer 00:30
0 Plays Today
Superhero % Correct
Iron Man
99%
Hulk
96.6%
Captain America
95.6%
Thor
93.5%
Black Widow
92.2%
Hawkeye
91.5%

You're not logged in!

Compare scores with friends on all Sporcle quizzes.
OR
Log In

Sporcle TV

Today on Sporcle TV


Watch our educational content, quiz creation guides, and fun videos on Sporcle TV.

Show Comments

Extras

Top Quizzes Today


Score Distribution

Your Account Isn't Verified!

In order to create a playlist on Sporcle, you need to verify the email address you used during registration. Go to your Sporcle Settings to finish the process.

Report this User

Report this user for behavior that violates our Community Guidelines.

Details: